Vlastné a cudzie zdroje financovania podniku bakalárska práca

Salvato in:
Dettagli Bibliografici
Autore principale: Alexová, Veronika
Ente Autore: Fakulta podnikového manažmentu EU. Katedra podnikových financií
Altri autori: Jánošová, Veronika, 1953-
Natura: Libro
Lingua:slovacco
Pubblicazione: Bratislava 2016
Tags: Aggiungi Tag
Nessun Tag, puoi essere il primo ad aggiungerne!!

MARC

LEADER 00000nbm a2200000 4500
001 0218350
005 20170308103025.7
041 0 |a slo 
044 |a SK 
245 1 0 |a Vlastné a cudzie zdroje financovania podniku  |b bakalárska práca  |c Veronika Alexová ; školiteľ: Veronika Jánošová 
264 1 |a Bratislava  |c 2016 
300 |a 52 s. 
100 1 |a Alexová, Veronika 
700 1 |a Jánošová, Veronika, 1953- 
710 2 |a Fakulta podnikového manažmentu EU. Katedra podnikových financií